Współczesne Pańswa Które Miały Kiedyś Kolonie - Statystyki

Ogólne statystyki
  • Ten quiz został rozwiązany 419 razy
    89 od ostatniego zresetowania
  • Średni wynik to 13 z 16
Statystyki odpowiedzi
Odpowiedź % Poprawnych
Wielka Brytania
97%
Francja
96%
Portugalia
96%
Włochy
94%
Hiszpania
93%
USA
93%
Niemcy
91%
Holandia
87%
Japonia
87%
Belgia
85%
Dania
84%
Rosja
84%
Szwecja
81%
Grecja
62%
Austria
57%
Kurlandia
10%
Nie znaleziono quizów pasujących do podanych kryteriów
Rozkład punktacji
Procent ludzi z każdym wynikiem
Percentyl według liczby udzielonych odpowiedzi
Twoja historia wyników
Nie rozwiązałeś tego quizu od ostatniego zresetowania